000 00742cab a2200241 4500
001 WB2416-30
008 090401t1988 xxu||||| |||| 00| 0 eng d
035 _a(Sirsi) u41503
041 _aeng
245 _aProperty investment scheme
260 _c1988
350 _a0
490 _aWeekend Financial Times
_v16/4/88 pVIII
520 _aCitibank has established a fund whereby individuals each put in £500,000 to invest in four Warwick Balfour office development projects in London.
650 _aENTERPRISE ZONES
650 _aINVESTMENT SYNDICATION
650 _aINVESTMENT
650 _aSINGLE PROPERTY UNIT TRUSTS
650 _aUNITISATION
690 _aPROPERTY-COMMERCIAL PROPERTY
942 _n0
948 _c04/03/1997
999 _c26651
_d26651